|
|
|
|
| LEADER |
00000nam a2200000 a 4500 |
| 001 |
vtls001172405 |
| 003 |
SK-MaSNL |
| 005 |
20260301063355.0 |
| 008 |
240315s1939 xo 0 slo |
| 035 |
|
|
|a SNK000115387
|
| 040 |
|
|
|a SNK
|b slo
|c SNK
|e AACR2
|
| 041 |
0 |
|
|a slo
|
| 044 |
|
|
|a xo
|c SK
|
| 100 |
1 |
|
|a Adamiš, Július,
|d 1883-1971
|4 aut
|9 42421
|
| 245 |
0 |
|
|a Evanjelicko-kresťanská vierouka a mravouka pre 4. triedu stred. škôl a pre meštianky
|c Július Adamiš
|
| 260 |
|
|
|a Lipt. Sv. Mikuláš
|b Tranoscius
|c 1939
|e [typ. Július Štepita]
|f s.n.[typ. Július Štepita]
|
| 300 |
|
|
|a 59, [2] s.
|c 8°
|
| 958 |
|
|
|a RK
|
| 999 |
|
|
|c 623792
|d 625722
|
| 952 |
|
|
|t P60, <04>, [BOOK], {604}
|a SNK
|b SNK
|y VYP
|7 0
|p 17A0071615
|o snkSD 9929 D1
|0 0
|1 0
|4 0
|d 1997-06-06
|l 0
|r 2005-01-01 00:00:00
|w 2026-02-23
|
| 952 |
|
|
|t P60, <03>, [BOOK], {603}
|a SNK
|b SNK
|y PREZ
|7 0
|p 17A0425907
|o snkSD 9929
|i snk5141/55
|0 0
|1 0
|4 0
|d 2004-04-20
|l 0
|r 2025-11-24 00:00:00
|w 2026-02-23
|